| 000 | 01518nam a2200313 i 4500 | ||
|---|---|---|---|
| 001 | 189210 | ||
| 003 | SpMaBN | ||
| 005 | 20250811062538.0 | ||
| 008 | 190425s2006 sp o c |||| | spa d | ||
| 020 | _a84-8181-322-2 | ||
| 080 | _a913(460.27 M.)"1936/39"(084.12)(083.824) | ||
| 245 | 0 | 0 |
_aVivir bajo las bombas [exposición] / _c[comisario y coordinación, Jesús Cañete Ochoa ; textos, César Vallejo, Nicolás Guillén, Pablo Neruda, Octavio Paz, Tomás Segovia ; las fotografías pertenecen a Alfonso Sánchez Portela ... et al.]. |
| 260 |
_a[Madrid] : _bMinisterio de Cultura, Subdirección General de Publicación, Información y Documentación, _c[2006] |
||
| 300 |
_a119 p. : _bprincipalmente il., fot. ; _c21 x 22 cm. |
||
| 651 | 7 |
_aMadrid- _xHistoria- _y1936-1939- _vExposiciones. _9166890 |
|
| 651 | 4 |
_aEspaña- _xHistoria- _y1936-1939, Guerra civil- _vObras ilustradas. _9161796 |
|
| 655 | 7 |
_2tgfbne _9193628 _aCatálogos de exposiciones |
|
| 700 | 1 |
_aCañete Ochoa, Jesús, _d1967- _9157453 |
|
| 700 | 1 |
_aVallejo, César, _d1892-1938 _9112833 |
|
| 700 | 1 |
_aGuillén, Nicolás, _d1902-1989 _960771 |
|
| 700 | 1 |
_aNeruda, Pablo, _d1904-1973 _985398 |
|
| 700 | 1 |
_aPaz, Octavio, _d1914-1998 _989753 |
|
| 700 | 1 |
_aSegovia, Tomás, _d1927-2011 _9105153 |
|
| 700 | 0 |
_aAlfonso, _d1902-1990 _919858 |
|
| 710 | 1 |
_aEspaña. _bMinisterio de Cultura _93850 |
|
| 852 |
_aES-MaACL _jA-14499 _9196348 _bR.152120 _cDEPO1 _dOlim: N-7499 _hDonación: Editorial |
||
| 942 |
_2udc _cMONOGRAFIA |
||
| 999 |
_c189210 _d189210 |
||